000 nam a22 7a 4500
999 _c10206
_d10206
008 180213b ||||| |||| 00| 0 eng d
100 _aSingh,P.H.
_96203
245 _aMathematics-VI
260 _aNew delhi
_bA.B.D.
_c2008